00407nam a2200121Ia 4500008004100000100001900041245006300060245002000123260000900143856004100152999001900193952007300212160531s9999 xx 000 0 und d aVojta, Thomas. aPhases and Phase Transitions in Disordered Quantum Systems cby Thomas Vojta c2013 uhttp://arxiv.org/pdf/1301.7746v1.pdf c295197d295197 001040aCLbCLd2016-05-31l0r2016-05-31 00:00:00w2016-05-31yCBE